| 000 | 00927nam a2200205Ia 4500 | ||
|---|---|---|---|
| 999 |
_c5262 _d5262 |
||
| 003 | OSt | ||
| 005 | 20200504171440.0 | ||
| 008 | 191128s1985 ck gr 000 0 spa d | ||
| 040 |
_aCO-JMCR _cCO-JMCR |
||
| 041 | 0 | _aspa | |
| 082 | 0 | 4 |
_a327.09048 / _bR173c _223 |
| 100 | 1 |
_aRamirez Ocampo, Augusto, _eautor _93891 |
|
| 245 | 1 | 0 |
_aColombia y su política internacional / _cAugusto Ramírez Ocampo |
| 260 |
_aBogotá : _bFotolito 24 Horas, _c1985 |
||
| 300 |
_a115 páginas ; _c22 cm. |
||
| 500 | _a"Asamblea General de las Naciones Unidas, los no alineados, el grupo de los 77, nuestra política de fronteras, contadora, refugiados y desplazados, hacia la nueva OEA, el reto latinoamericano : integración o subdesarrollo"--Tapa | ||
| 505 | 0 | _aLa nueva política de fronteras -- Presencia de Colombia en América -- La política internacional de Colombia | |
| 651 | 1 |
_aColombia _xrelaciones exteriores _93892 |
|
| 942 |
_2ddc _cBK |
||